LDR 00664naa#a2200193#i#450# 001 EN\\bibl\124371 005 20260601063330.1 011 ## _a2223-4608 100 ## _a20260529b2026####ek#y0engy0150####ca 102 ## _aRU 200 1# _aUltrasonic application in polymer composite materials processing _eJournal article 210 1# _aBryansk _cBryansk State Technical University _d2026 215 ## _a7 с. 608 ## _aJournal article _2local 675 ## _aСоединение металлов с металлами. 621.792.3 _z 700 #1 _aSundukov _gSergey Konstantinovich 700 #1 _aNechay _gAlexander Andreevich 700 #1 _aRakhmatulaev _gArtyom Anatolievich 856 4# _anaukaru.ru _u